Európsky trh s poľnohospodárskymi výrobkami, potravinami a alkoholickými nápojmi registrovanými ako „Chránené označenie pôvodu“, „Chránené zemepisné označenie“ a „Tradičná zaručená špecialita“
Gespeichert in:
| 1. Verfasser: | |
|---|---|
| Format: | Buchkapitel |
| Sprache: | Slowakisch |
| Schlagworte: | |
| Tags: |
Keine Tags, Fügen Sie das erste Tag hinzu!
|
MARC
| LEADER | 00000nla a2200000 4500 | ||
|---|---|---|---|
| 001 | 0228757 | ||
| 005 | 20240502073749.9 | ||
| 041 | 0 | |a slo | |
| 044 | |a SK | ||
| 245 | 1 | 0 | |a Európsky trh s poľnohospodárskymi výrobkami, potravinami a alkoholickými nápojmi registrovanými ako „Chránené označenie pôvodu“, „Chránené zemepisné označenie“ a „Tradičná zaručená špecialita“ |c Malgorzata A. Jarossová |
| 610 | 2 | 0 | |a potraviny |
| 610 | 2 | 0 | |a kvalita potravín |
| 610 | 2 | 0 | |a výrobky poľnohospodárske |
| 610 | 2 | 0 | |a kvalita výrobkov |
| 610 | 2 | 0 | |a nápoje alkoholické |
| 610 | 2 | 0 | |a označovanie tovarov |
| 610 | 2 | 0 | |a pôvod tovaru |
| 610 | 2 | 0 | |a registrácia |
| 610 | 2 | 0 | |a Slovensko |
| 610 | 2 | 0 | |a Európa |
| 100 | 1 | |a Jarossová, Malgorzata Agnieszka, 1978- | |